European Country & Capital Initials Quiz Stats

Quiz Updated Aug 14, 2016

Also try: Capitals of Europe
Challenge
Share
Tweet
Embed
Score 0/47 Timer 10:00
0 Plays Today
Initials (Capital, Country) Capital and Country % Correct
L, U KLondon, United Kingdom
90.3%
P, FParis, France
86.1%
B, GBerlin, Germany
85.2%
O, NOslo, Norway
82.1%
A, NAmsterdam, Netherlands
81.6%
L, PLisbon, Portugal
80.9%
D, IDublin, Ireland
80.4%
A, GAthens, Greece
80.4%
H, FHelsinki, Finland
80.2%
V C, V CVatican City, Vatican City
79.5%
M, SMadrid, Spain
79.4%
C, DCopenhagen, Denmark
78.9%
W, PWarsaw, Poland
77.4%
S M, S MSan Marino, San Marino
76.6%
R, IRome, Italy
76%
B, BBrussels, Belgium
75.5%
K, UKyiv, Ukraine
75.2%
P, CPrague, Czechia
73.2%
B, HBudapest, Hungary
72.4%
M, RMoscow, Russia
69.1%
S, SStockholm, Sweden
68.9%
A, TAnkara, Turkey
68.6%
V, AVienna, Austria
68%
B, SBern, Switzerland
67.4%
Initials (Capital, Country) Capital and Country % Correct
L, LLuxembourg, Luxembourg
65.6%
Z, CZagreb, Croatia
64.5%
B, RBucharest, Romania
63.5%
R, LRiga, Latvia
60.2%
A L V, AAndorra la Vella, Andorra
58.6%
R, IReykjavik, Iceland
58.1%
M, MMonaco, Monaco
57.4%
S, B A HSarajevo, Bosnia and Herzegovina
55.1%
T, ETallinn, Estonia
54.7%
B, SBelgrade, Serbia
50.9%
B, SBratislava, Slovakia
50.9%
M, BMinsk, Belarus
50.3%
S, BSofia, Bulgaria
49.9%
V, LVilnius, Lithuania
46.6%
N, CNicosia, Cyprus
46%
L, SLjubljana, Slovenia
42%
T, ATirana, Albania
40.9%
V, LVaduz, Liechtenstein
40.7%
V, MValletta, Malta
39.9%
P, KPristina, Kosovo
38.1%
C, MChişinău, Moldova
37.5%
S, MSkopje, Macedonia
36.3%
P, MPodgorica, Montenegro
31.9%

You're not logged in!

Compare scores with friends on all Sporcle quizzes.
Sign Up with Email
OR
Log In

You Might Also Like...

Show Comments

Extras

Top Quizzes Today


Score Distribution

Your Account Isn't Verified!

In order to create a playlist on Sporcle, you need to verify the email address you used during registration. Go to your Sporcle Settings to finish the process.